Score 0/13 Timer 02:00
1 Play Today
% Correct
Aphrodite
68.6%
Isis
65.1%
Hera
60.8%
Rhea
58.4%
Demeter
57.3%
Parvati
52.8%
Gaia
49.5%
Helen of Troy
36.4%
Alcmene
33.3%
Penelope
31.4%
Leto
30.6%
Jocasta
29.4%
Clytemnestra
25.3%

You're not logged in!

Compare scores with friends on all Sporcle quizzes.
OR
Log In

Sporcle TV

Today on Sporcle TV


Watch our educational content, quiz creation guides, and fun videos on Sporcle TV.

Show Comments

Extras

Top Quizzes Today


Score Distribution

Your Account Isn't Verified!

In order to create a playlist on Sporcle, you need to verify the email address you used during registration. Go to your Sporcle Settings to finish the process.

Report this User

Report this user for behavior that violates our Community Guidelines.

Details: